LEADER 02479oam 2200313z- 450 001 9910143622603321 005 20251116234218.0 035 $a(CKB)1000000000211575 035 $a(MiAaPQ)EBC3071877 035 $a(BIP)7618033 035 $a(EXLCZ)991000000000211575 100 $a20151116c2001uuuu -u- - 101 0 $aeng 200 10$aComputer aided systems theory--EUROCAST 2001 $ea selection of papers from the 8th International Workshop on Computer Aided Systems Theory, Las Palmas de Gran Canaria, Spain, February 19-23, 2001 ; revised papers /$fRoberto Moreno-Diaz, Bruno Buchberger, Jose-Luis Freire (eds.) 210 $cSpringer Berlin / Heidelberg 311 08$a3-540-42959-X 330 $aThe concept of CAST as Computer Aided Systems Theory, was introduced by F. Pichler in the late 1980s to include those computer theoretical and practical developments as tools to solve problems in System Science. It was considered as the third component (the other two being CAD and CAM) necessary to build the path from Computer and Systems Sciences to practical developments in Science and Engineering. The University of Linz organized the first CAST workshop in April 1988, which demonstrated the acceptance of the concepts by the scientific and technical community. Next, the University of Las Palmas de Gran Canaria joined the University of Linz to organize the first international meeting on CAST, (Las Palmas, February 1989), under the name EUROCAST'89. This was a very successful gathering of systems theorists, computer scientists, and engineers from most European countries, North America, and Japan. It was agreed that EUROCAST international conferences would be organized every two years, alternating between Las Palmas de Gran Canaria and a continental European location. Thus, successive EUROCAST meetings have taken place in Krems (1991), Las Palmas (1993), Innsbruck (1995), Las Palmas (1997), and Vienna (1999), in addition to an extra-European CAST Conference in Ottawa in 1994. 606 $aComputer-aided engineering$vCongresses 606 $aComputer-aided design$vCongresses 615 0$aComputer-aided engineering 615 0$aComputer-aided design 676 $a620.00420285 701 $aMoreno-Di?az$b Roberto$00 701 $aBuchberger$b Bruno$0535606 701 $aFreire$b Jose?-Luis$f1943-$0987460 906 $aBOOK 912 $a9910143622603321 996 $aComputer Aided Systems Theory - EUROCAST 2001$92257118 997 $aUNINA